| 000 | 01149nam1a22002411i 4500 | ||
|---|---|---|---|
| 001 | rc\4922324 | ||
| 005 | 20240724122547.0 | ||
| 035 | _a(NLR Aleph) 008787431 | ||
| 090 |
_a8019824 _c8019824 |
||
| 100 | _a20130426g1958 |||y0rusy50 ca | ||
| 101 | 0 | _arus | |
| 102 | _aRU | ||
| 105 | _ay z ||||| | ||
| 200 | 1 |
_aЭлектрические и ультразвуковые методы обработки _eДоклады на III Всесоюз. совещании _e№1- _f(Под ред. Л.Я. Попилова) |
|
| 210 |
_aЛенинград _cБ. и. _d1958- |
||
| 215 |
_a1 т. _d22 |
||
| 225 | 1 |
_aЛенинградский совет народного хозяйства. ЦБТИ. Центральное и Ленинградское областные правления. НТО Машпром. Государственный научно-технический комитет Совета Министров СССР _vКн. 49 |
|
| 300 | _aБез общ. тит. л.; описано по обл. | ||
| 702 | 1 |
_aПопилов _bЛ.Я. _4340 |
|
| 801 | 0 |
_aRU _bNLR _gpsbo |
|
| 801 | 1 |
_aRU _bELAR _2rusmarc |
|
| 852 |
_aNLR _jП10/679 |
||
| 942 | _cBOOK | ||